000 00596nam a22002297a 4500
003 UA-OsUOA
001 80058
007 ta
008 20111128b un ||||| |||| 00| 0 ukr d
100 _aМалик В.К.
090 _a821.161.2
_bМ19
942 _cBK
040 _aUA-OsUOA
_bukr
_cUA-OsUOA
_dUA-OsUOA
245 _aТаємний посол
_bроман
300 _a520 с.
955 _a3
041 _aukr
080 _a821.161.2
260 _aХарків
_bПрапор
_c1982
650 7 _a82 Література. Літературознавство
_2UDC
999 _c366393
_d366393